Mitos sobre el origen del fuego / (Record no. 185076)

MARC details
000 -LEADER
campo de control de longitud fija 00762nam a2200241 i 4500
001 - NÚMERO DE CONTROL
campo de control 185076
003 - IDENTIFICADOR DE NÚMERO DE CONTROL
campo de control SpMaBN
005 - FECHA Y HORA DE LA ÚLTIMA TRANSACCIÓN
campo de control 20250819063112.0
008 - DATOS DE LONGITUD FIJA--INFORMACIÓN GENERAL
campo de control de longitud fija 160317s1986 sp |||| | spa d
020 ## - NÚMERO INTERNACIONAL ESTÁNDAR DEL LIBRO
Número Internacional Estándar del Libro 84-86556-03-1
080 ## - NÚMERO DE LA CLASIFICACIÓN DECIMAL UNIVERSAL
Número de la Clasificación Decimal Universal 398.31
100 0# - ENTRADA PRINCIPAL--NOMBRE DE PERSONA
Nombre de persona Frazer, James George,
Títulos y otros términos asociados al nombre Sir,
Fechas asociadas al nombre 1854-1941
9 (RLIN) 52400
245 10 - MENCIÓN DEL TÍTULO
Título Mitos sobre el origen del fuego /
Mención de responsabilidad, etc. James G. Frazer ; [traducción, Alberto Cardín].
250 ## - MENCION DE EDICION
Mención de edición 1ª ed.
260 ## - PUBLICACIÓN, DISTRIBUCIÓN, ETC.
Lugar de publicación, distribución, etc. Barcelona :
Nombre del editor, distribuidor, etc. Alta Fulla,
Fecha de publicación, distribución, etc. 1986.
300 ## - DESCRIPCIÓN FÍSICA
Extensión 229 p. ;
Dimensiones 20 cm.
490 1# - MENCIÓN DE SERIE
Mención de serie Altaïr ;
Designación de volumen o secuencia 1
650 07 - PUNTO DE ACCESO ADICIONAL DE MATERIA--TÉRMINO DE MATERIA
Término de materia o nombre geográfico como elemento de entrada Fuego-
Subdivisión general Folklore.
9 (RLIN) 12988
700 1# - ENTRADA AGREGADA--NOMBRE PERSONAL
Nombre de persona Cardín, Alberto.
9 (RLIN) 35165
830 0# - PUNTO DE ACCESO ADICIONAL DE SERIE-TÍTULO UNIFORME
Título uniforme Altaïr ;
Designación de volumen o secuencia 1
9 (RLIN) 225166
852 ## - LOCALIZACIÓN
Ubicación ES-MaACL
Número de control de estantería L-30267
Nota libre . - Donat. Miguel A. Velasco
Holdings
Estatus retirado Estado de pérdida Estado de daño No para préstamo Biblioteca de origen Biblioteca actual Ubicación en estantería Fecha de adquisición Fuente de adquisición Total de préstamos Signatura topográfica completa Código de barras Visto por última vez Precio de reemplazo Tipo de ítem Koha
        Biblioteca del Ateneo de Madrid Biblioteca del Ateneo de Madrid Depósito 2 17/03/2016     L-30267 1194944 23/02/2023 23/02/2023 Libro impreso